Z którymi owocami najczęściej pieczemy ciasta? - Statystyki

Ogólne statystyki
  • Ten quiz został rozwiązany 18 razy
  • Średni wynik to 6 z 7
Statystyki odpowiedzi
Hint Odpowiedź % Poprawnych
1. Jabłka
100%
5. Truskawki
94%
6. Maliny
83%
3. Banany
72%
7. Banany
72%
4. Brzoskwinie
72%
2. Śliwki
72%
Nie znaleziono quizów pasujących do podanych kryteriów
Rozkład punktacji
Procent ludzi z każdym wynikiem
Percentyl według liczby udzielonych odpowiedzi
Twoja historia wyników
Nie rozwiązałeś tego quizu